El monarca, el ciudadano y el excluido : hacia una crítica de lo político /

Estudio que reconstruye el marco conceptual de lo político, como idea matriz para la comprensión de la política. Tal propósito lo realiza el autor a través del análisis de algunos pensadores que trataron tal asunto, a saber: Platón, Aristóteles, Maquiavelo, Hobbes, Kant, Arendt, Schmitt y Zizek.

Enregistré dans:
Détails bibliographiques
Auteur principal: Avalos Tenorio, Gerardo (autor)
Format: Livre
Langue:espagnol
Publié: México : Universidad Autónoma Metropolitana Xochimilco, 2006, c2006
Collection:(Teoría y Análisis)
Sujets:
Tags: Ajouter un tag
Pas de tags, Soyez le premier à ajouter un tag!

MARC

LEADER 00000nam^a2200000^a^4500
001 000263861
005 20250521000000.0
009 20260310110628.342
020 |a 970-31-0572-6 
037 |a Acervo ITESO - Biblioteca 
041 |a ESP 
082 |a 320. 01  |b AVA 
100 |a Avalos Tenorio, Gerardo  |e (autor) 
245 1 3 |a El monarca, el ciudadano y el excluido :  |b hacia una crítica de lo político /  |c G. Avalos Tenorio. 
264 4 |a México :  |b Universidad Autónoma Metropolitana Xochimilco,  |c 2006, c2006 
300 |a 291 p. 
336 |a texto  |b txt  |2 rdacontenido 
337 |a sin mediación  |b n  |2 rdamedio 
338 |a volumen  |b nc  |2 rdasoporte 
440 1 |a (Teoría y Análisis) 
520 |a Estudio que reconstruye el marco conceptual de lo político, como idea matriz para la comprensión de la política. Tal propósito lo realiza el autor a través del análisis de algunos pensadores que trataron tal asunto, a saber: Platón, Aristóteles, Maquiavelo, Hobbes, Kant, Arendt, Schmitt y Zizek. 
649 |a XX 
650 |a Filósofos Griegos 
650 |a Filósofos Italianos 
650 |a Políticos Italianos 
650 |a Filósofos Ingleses 
650 |a Filósofos Alemanes 
650 |a Juristas Alemanes 
650 |a Políticos Alemanes 
650 |a Filósofos Eslovenos 
650 |a Psicoanalistas Eslovenos 
650 |a Filosofía Política -  |x Tema Principal 
650 |a Política -  |x Teoría -  |x Tema Principal 
650 |a Platón 
650 |a Aristóteles 
650 |a Hobbes, Thomas 
650 |a Kant, Immanuel 
650 |a Arendt, Hannah 
650 |a Schmitt, Carl 
650 |a Žižek, Slavoj 
600 |a Maquiavelo, Nicolás 
910 |a Fondo General 
920 |a Impresos - Libros 
930 |a Colección General 
905 |a 101 
901 |a 0500145135  |b IT1  |c ACC  |u 20250521 
902 |a https://opac.biblio.iteso.mx/vufind/Record/000263861